[Event "Lichtenberger Sommer 2023"]
[Site "Berlin"]
[Date "2023.08.13"]
[Round "2.25"]
[White "Damm, Yannic"]
[Black "Zur, Jan"]
[Result "0-1"]
[WhiteElo "1873"]
[BlackElo "2122"]
[PlyCount "118"]
[EventDate "2023.??.??"]
[WhiteTeam "SC Bonn Beuel"]
[BlackTeam "SC Rotation Pankow e.V."]

1. d4 d5 2. Nf3 Nf6 3. g3 e6 4. Bg2 Be7 5. O-O O-O 6. c4 dxc4 7. Qc2 b5 8. a4
b4 9. Nfd2 Nd5 10. Nxc4 Nd7 11. Rd1 a5 12. e4 N5b6 13. Bf4 Ra7 14. Nbd2 Nf6 15.
Ne5 Bb7 16. Nb3 Bd6 17. Nc5 Ba8 18. Rd2 Qe7 19. Rad1 Rd8 20. b3 h6 21. h3 Rc8
22. g4 Nfd7 23. Ncxd7 Nxd7 24. Nd3 Bxf4 25. Nxf4 Qg5 26. Ne2 c5 27. Qc4 Rac7
28. Qb5 cxd4 29. Nxd4 Nf6 30. Qxg5 hxg5 31. Nb5 Rc1 32. f3 Kf8 33. Bf1 Ke7 34.
Bc4 Rxd1+ 35. Rxd1 Nd7 36. Kf2 Ne5 37. Be2 Rc2 38. Ke3 Bc6 39. Nd4 Rc3+ 40. Kd2
Kd6 41. Rc1 Rxc1 42. Kxc1 Kc5 43. Nxc6 Nxc6 44. Kd2 Kd4 45. Bc4 Ne5 46. Be2 Ng6
47. Bb5 Nf4 48. e5 Ng6 49. Be8 Nxe5 50. f4 gxf4 51. h4 Nxg4 52. Bxf7 e5 53. Be6
Nf6 54. Bf5 e4 55. Ke2 Kc3 56. Be6 Kd4 57. Bf5 f3+ 58. Kf2 Ke5 59. Bc8 Kf4 0-1

[Event "Lichtenberger Sommer 2023"]
[Site "Berlin"]
[Date "2023.08.13"]
[Round "2.26"]
[White "Vogel, Robert"]
[Black "Nguyen, Tuan Kiet"]
[Result "1-0"]
[WhiteElo "2104"]
[BlackElo "1873"]
[PlyCount "125"]
[EventDate "2023.??.??"]
[WhiteTeam "SK München Südost e.V."]
[BlackTeam "SG Eckturm"]

1. d4 Nf6 2. c4 g6 3. Nc3 d5 4. Nf3 Bg7 5. cxd5 Nxd5 6. Bg5 h6 7. Bh4 c5 8. Rc1
Nxc3 9. bxc3 O-O 10. e3 Be6 11. Qd2 Nc6 12. Be2 g5 13. Bg3 cxd4 14. cxd4 Qa5
15. Qxa5 Nxa5 16. h4 g4 17. Ne5 Rfc8 18. O-O h5 19. Bd3 Bxe5 20. Bxe5 Bxa2 21.
Rxc8+ Rxc8 22. Ra1 Bc4 23. Bf5 e6 24. Rxa5 exf5 25. Rxa7 Ba6 26. Kh2 Kf8 27.
Bf6 Ke8 28. Kg3 Kd7 29. d5 Kd6 30. Kf4 Rc2 31. Kg3 Rc8 32. Kf4 Rc2 33. Kg3 Kxd5
34. Ra8 Ke6 35. Bd4 Bd3 36. Rh8 f4+ 37. exf4 Bg6 38. Rb8 Rd2 39. Be3 Rb2 40.
Re8+ Kd6 41. Rd8+ Kc6 42. Rc8+ Kd7 43. Rc5 b6 44. Rg5 Ke6 45. f5+ Bxf5 46. Rxh5
b5 47. Rh8 f6 48. h5 Rb1 49. Rb8 Rb4 50. Rb7 Rb1 51. Rb6+ Ke7 52. h6 Bd7 53.
Bd4 Rh1 54. Bxf6+ Kf7 55. Bd4 b4 56. Be3 Rb1 57. Kf4 Rg1 58. g3 Rb1 59. Ke5 b3
60. Rb7 Ke8 61. Kf6 Kd8 62. h7 Rh1 63. Kg7 1-0

[Event "Lichtenberger Sommer 2023"]
[Site "Berlin"]
[Date "2023.08.13"]
[Round "2.27"]
[White "Schubert, Joachim"]
[Black "Plump, Detlef"]
[Result "0-1"]
[WhiteElo "1872"]
[BlackElo "2089"]
[PlyCount "112"]
[EventDate "2023.??.??"]
[WhiteTeam "SC Friesen Lichtenberg e.V."]
[BlackTeam "Bremer SG von 1877"]

1. e4 c5 2. Nf3 e6 3. d4 cxd4 4. Nxd4 a6 5. a4 Nf6 6. Bd3 d5 7. e5 Nfd7 8. Nf3
Nc6 9. Qe2 Qc7 10. Bf4 Be7 11. O-O Nc5 12. Nbd2 Bd7 13. c3 Nxd3 14. Qxd3 O-O
15. Rfe1 Rac8 16. Nf1 Na5 17. Bg5 Qd8 18. Bxe7 Qxe7 19. Nd4 Rc7 20. Re3 Nc4 21.
Rh3 h6 22. Qe2 f6 23. exf6 Rxf6 24. b3 Nd6 25. Qe5 Rc8 26. Re1 Qf8 27. Re2 Ne4
28. f3 Nxc3 29. Re1 Qc5 30. Ne3 Qc7 31. Qh5 Qf4 32. Nec2 Be8 33. Qg4 Qxg4 34.
fxg4 Ne4 35. Rf3 Bd7 36. Nb4 Kf7 37. Nd3 Ke7 38. Rfe3 Kd6 39. Nf3 Rc2 40. Rd1
Nc3 41. Rde1 Ne4 42. Rd1 Ke7 43. Nde5 Be8 44. Nd4 Rc3 45. Re2 Nc5 46. Rb1 Rf4
47. Rd2 Re4 48. Ndf3 Nxb3 49. Rdb2 Nc5 50. a5 Bb5 51. Ng6+ Kf6 52. Nfe5 Rxe5
53. Nxe5 Kxe5 54. Rf2 d4 55. Rf7 d3 56. Rd1 Ba4 0-1

[Event "Lichtenberger Sommer 2023"]
[Site "Berlin"]
[Date "2023.08.13"]
[Round "2.28"]
[White "Dathe, Frederick"]
[Black "Besombes, Romain"]
[Result "1/2-1/2"]
[WhiteElo "2075"]
[BlackElo "1867"]
[PlyCount "108"]
[EventDate "2023.??.??"]
[WhiteTeam "SC Kreuzberg e.V."]
[BlackTeam "SF Berlin 1903 e.V."]

1. c4 e6 2. Nf3 d5 3. b3 Nf6 4. g3 Bd6 5. Bg2 O-O 6. O-O b6 7. Bb2 Bb7 8. cxd5
exd5 9. d4 Nbd7 10. Nc3 a6 11. Rc1 Rc8 12. Nh4 Re8 13. e3 Ne4 14. Nxe4 dxe4 15.
Bh3 Bd5 16. Nf5 Be6 17. d5 Bxf5 18. Bxf5 Rb8 19. Qg4 Nf6 20. Bxf6 Qxf6 21. Bxe4
g6 22. Rc2 h5 23. Qf3 Qe5 24. Bd3 Kg7 25. Rc4 a5 26. Rfc1 b5 27. Rf4 Re7 28.
Rd4 Ree8 29. Bf1 Qe7 30. Bg2 Qd7 31. Qd1 Ra8 32. e4 a4 33. f4 f6 34. Rd2 b4 35.
Re2 Qb5 36. Qe1 axb3 37. axb3 Ra3 38. e5 fxe5 39. fxe5 Bc5+ 40. Kh1 Rxb3 41.
Rec2 Bd6 42. Rxc7+ Bxc7 43. Rxc7+ Kg8 44. e6 Qb6 45. Rf7 Qe3 46. Qa1 Rc3 47.
Rf1 b3 48. Qa4 Rec8 49. Qd7 R3c7 50. Qd6 Rc1 51. e7 Rxf1+ 52. Bxf1 Qf3+ 53. Kg1
Qe3+ 54. Kh1 Qf3+ 1/2-1/2

[Event "Lichtenberger Sommer 2023"]
[Site "Berlin"]
[Date "2023.08.13"]
[Round "2.29"]
[White "Kapp, Frank"]
[Black "Niechotz, Christopher"]
[Result "1/2-1/2"]
[WhiteElo "1861"]
[BlackElo "2074"]
[PlyCount "61"]
[EventDate "2023.??.??"]
[WhiteTeam "TSV IFA Chemnitz"]
[BlackTeam "SC Kreuzberg e.V."]

1. d4 Nf6 2. Nf3 g6 3. Bf4 Bg7 4. c3 d5 5. h3 O-O 6. e3 b6 7. Bd3 c5 8. O-O Bb7
9. Re1 Nc6 10. Nbd2 Nd7 11. Rc1 e5 12. dxe5 Ndxe5 13. Bb1 Re8 14. Nxe5 Nxe5 15.
Bxe5 Bxe5 16. Nf3 Bg7 17. a4 Qf6 18. Ba2 Rad8 19. Qb3 Re4 20. Rcd1 Qc6 21. c4
d4 22. Bb1 Re7 23. Qc2 Rde8 24. exd4 Rxe1+ 25. Rxe1 Rxe1+ 26. Nxe1 Bxd4 27. b3
Qe6 28. Qd1 Qe5 29. Bd3 Qg3 30. Qe2 Qe5 31. Qxe5 1/2-1/2

[Event "Lichtenberger Sommer 2023"]
[Site "Berlin"]
[Date "2023.08.13"]
[Round "2.30"]
[White "Krefenstein, Sergej"]
[Black "Rosmait, Emily"]
[Result "1-0"]
[WhiteElo "2065"]
[BlackElo "1855"]
[PlyCount "49"]
[EventDate "2023.??.??"]
[WhiteTeam "TuS Makkabi Berlin e.V."]
[BlackTeam "TuRa Harksheide von 1945 Norders"]

1. c4 c5 2. g3 Nf6 3. Bg2 d5 4. cxd5 Nxd5 5. Nc3 Nc7 6. Nf3 Nc6 7. O-O e5 8.
Ne1 Be7 9. Nd3 f6 10. b3 O-O 11. Bb2 Qd7 12. f4 b5 13. fxe5 Rb8 14. Ne4 c4 15.
exf6 gxf6 16. Ndc5 Bxc5+ 17. Nxc5 Qe7 18. d4 cxd3 19. Nxd3 Bb7 20. Rc1 Ne5 21.
Bxb7 Rxb7 22. Nxe5 fxe5 23. Rxf8+ Kxf8 24. Qf1+ Kg8 25. Qf5 1-0

[Event "Lichtenberger Sommer 2023"]
[Site "Berlin"]
[Date "2023.08.13"]
[Round "2.31"]
[White "Gmeiner, Joram"]
[Black "Fartmann, Oliver"]
[Result "0-1"]
[WhiteElo "1847"]
[BlackElo "2065"]
[PlyCount "80"]
[EventDate "2023.??.??"]
[WhiteTeam "SF Siemensstadt"]
[BlackTeam "SV Mattnetz Berlin e.V."]

1. e4 c5 2. Nf3 e6 3. d4 cxd4 4. Nxd4 Nc6 5. Nc3 Qc7 6. Be3 a6 7. a3 b5 8. Bd3
Bb7 9. f4 Nxd4 10. Bxd4 Qxf4 11. Rf1 Qxh2 12. Qf3 f6 13. O-O-O Qc7 14. Rh1 Rc8
15. Kb1 Bc5 16. Ne2 Bxd4 17. Nxd4 Ne7 18. Qg4 Kf7 19. Rdf1 Nc6 20. Nf3 Ne5 21.
Nxe5+ Qxe5 22. Rh5 Qd6 23. Qe2 g6 24. c3 Qb6 25. Qf3 Qd8 26. Rh4 Kg7 27. Qe3 h6
28. g4 e5 29. Rfh1 g5 30. Rh5 Qe8 31. Qf2 Qg6 32. Qb6 Bxe4 33. Bxe4 Qxe4+ 34.
Ka1 Rc6 35. Qb7 Qxg4 36. R5h2 Rd6 37. Ka2 Rd1 38. Rg2 Qe6+ 39. b3 Rxh1 40. Rd2
Rh4 0-1

[Event "Lichtenberger Sommer 2023"]
[Site "Berlin"]
[Date "2023.08.13"]
[Round "2.32"]
[White "Heuser, Philip"]
[Black "Matitschka, Johannes"]
[Result "1-0"]
[WhiteElo "2061"]
[BlackElo "1855"]
[PlyCount "85"]
[EventDate "2023.??.??"]
[WhiteTeam "Münchener SC 1836 e.V."]
[BlackTeam "TSG Oberschöneweide e.V."]

1. d4 Nf6 2. Nf3 g6 3. Bg5 Bg7 4. c3 d6 5. Nbd2 h6 6. Bh4 Bf5 7. Qb3 Nbd7 8.
Bxf6 Nxf6 9. Qxb7 Rb8 10. Qxa7 Rxb2 11. Qa3 Qb8 12. Nb3 Rc2 13. Qa4+ Bd7 14.
Qa5 Ne4 15. Nfd2 Nxc3 16. e3 Bf5 17. g4 Qb7 18. Rg1 O-O 19. Ba6 Qc6 20. gxf5
Ra8 21. fxg6 Qxa6 22. gxf7+ Kf8 23. Qxa6 Rxa6 24. Kf1 Kxf7 25. Kg2 Raxa2 26.
Rxa2 Rxa2 27. Rc1 Nb5 28. Kf3 e5 29. d5 Kg6 30. Ne4 Kf5 31. Rg1 Bf8 32. Rg8 Be7
33. Rb8 Na7 34. Rb7 Bd8 35. Rb8 Be7 36. Re8 Bg5 37. Re6 Bh4 38. Rxh6 Bd8 39.
Rh8 Rb2 40. Nbd2 Be7 41. Rh6 c6 42. Nf1 Bh4 43. Nfg3+ 1-0

[Event "Lichtenberger Sommer 2023"]
[Site "Berlin"]
[Date "2023.08.13"]
[Round "2.33"]
[White "Federau, Jürgen"]
[Black "Schmidt, Fabian"]
[Result "1/2-1/2"]
[WhiteElo "2054"]
[BlackElo "1848"]
[PlyCount "75"]
[EventDate "2023.??.??"]
[WhiteTeam "SC Kreuzberg e.V."]
[BlackTeam "SV Königsjäger Süd-West e.V."]

1. d4 d5 2. c4 c6 3. Nf3 Nf6 4. e3 Bf5 5. Bd3 Bxd3 6. Qxd3 e6 7. O-O Bd6 8. Nc3
Nbd7 9. e4 dxe4 10. Nxe4 Nxe4 11. Qxe4 Nf6 12. Qe2 O-O 13. Bg5 h6 14. Bh4 Re8
15. Rfd1 Be7 16. Rac1 Qa5 17. a3 Rad8 18. Ne5 c5 19. dxc5 Qxc5 20. b4 Qc7 21.
Bg3 Qc8 22. h3 Nd7 23. c5 Nf6 24. Qf3 Rxd1+ 25. Rxd1 Rd8 26. Rxd8+ Bxd8 27. c6
bxc6 28. Nxc6 Qd7 29. Nxd8 Qxd8 30. Qb7 Qd1+ 31. Kh2 Qa4 32. Bb8 a6 33. Qc8+
Kh7 34. Qc3 Nd5 35. Qd3+ Kg8 36. Bg3 Kh8 37. Qf3 Kg8 38. Qd3 1/2-1/2

[Event "Lichtenberger Sommer 2023"]
[Site "Berlin"]
[Date "2023.08.13"]
[Round "2.34"]
[White "Krüger, Ekkehard"]
[Black "Pueschel, Werner"]
[Result "1/2-1/2"]
[WhiteElo "1842"]
[BlackElo "2054"]
[PlyCount "133"]
[EventDate "2023.??.??"]
[WhiteTeam "SG NARVA Berlin e.V."]
[BlackTeam "vereinslos"]

1. d4 c5 2. d5 Nf6 3. c4 e6 4. Nc3 exd5 5. Nxd5 Nxd5 6. Qxd5 Be7 7. Nf3 O-O 8.
Bg5 Qa5+ 9. Bd2 Qa6 10. Bc3 d6 11. e3 Be6 12. Qd3 d5 13. cxd5 Qxd3 14. Bxd3
Bxd5 15. e4 Be6 16. b3 Nc6 17. Rd1 a5 18. Bc4 a4 19. Bxe6 fxe6 20. Ke2 axb3 21.
axb3 Ra3 22. Nd2 b5 23. Ra1 Rfa8 24. Rxa3 Rxa3 25. Ra1 Rxa1 26. Bxa1 Bf6 27.
Bxf6 gxf6 28. f4 Kf7 29. g4 h6 30. Kd3 e5 31. Ke3 Nd4 32. fxe5 fxe5 33. Kf2 Kf6
34. h4 Ke6 35. Ke3 Nc6 36. Kd3 Ne7 37. Ke3 Nc6 38. Kd3 Ne7 39. Ke3 Ng6 40. Nf3
Nf4 41. Kd2 Kf6 42. Ke3 Ng6 43. Kd3 Ke6 44. Ke3 Kd6 45. g5 h5 46. Kd3 Kc6 47.
Kc3 Kb6 48. Kd3 Ka6 49. Kc3 Ka5 50. b4+ cxb4+ 51. Kb3 Ka6 52. Kxb4 Kb6 53. Kb3
Ka5 54. Ka3 b4+ 55. Kb3 Kb5 56. Kb2 Ka4 57. Ka2 b3+ 58. Kb2 Kb4 59. Nd2 Nxh4
60. Nxb3 Ng6 61. Nd2 h4 62. Kc2 h3 63. Nf3 Nh4 64. Nxe5 h2 65. Nd3+ Kc4 66. Nf2
Kd4 67. Kd1 1/2-1/2

[Event "Lichtenberger Sommer 2023"]
[Site "Berlin"]
[Date "2023.08.13"]
[Round "2.35"]
[White "Hommel, Niclas"]
[Black "Nieber, Alexander"]
[Result "1-0"]
[WhiteElo "2043"]
[BlackElo "1843"]
[PlyCount "79"]
[EventDate "2023.??.??"]
[WhiteTeam "TSG Oberschöneweide e.V."]
[BlackTeam "SG Aufbau Elbe Magdeburg"]

1. e4 c5 2. Nf3 e6 3. d4 cxd4 4. Nxd4 a6 5. Bd3 Qc7 6. O-O Nf6 7. Qe2 d6 8. c4
g6 9. Nc3 Bg7 10. Nf3 O-O 11. Rd1 Nc6 12. h3 Nd7 13. Be3 Nc5 14. Rac1 b6 15.
Bb1 Rd8 16. Bf4 Bb7 17. Rd2 Rd7 18. Qd1 Rad8 19. a3 Bxc3 20. Rxc3 e5 21. Bg5
Re8 22. b4 Ne6 23. Be3 Red8 24. Qb3 Ne7 25. Ng5 Nxg5 26. Bxg5 Re8 27. f3 Kg7
28. Rc1 f6 29. Bh4 d5 30. exd5 Bxd5 31. Rcd1 Be6 32. Rxd7 Bxd7 33. Bf2 Be6 34.
Qa4 Ra8 35. Be4 Rb8 36. Qxa6 Bxc4 37. Rc1 b5 38. Bd3 Rc8 39. Bxc4 bxc4 40. Bc5
1-0

[Event "Lichtenberger Sommer 2023"]
[Site "Berlin"]
[Date "2023.08.13"]
[Round "2.36"]
[White "Ellert, Stefan"]
[Black "Braeunlin, Herbert"]
[Result "1-0"]
[WhiteElo "1630"]
[BlackElo "2040"]
[PlyCount "81"]
[EventDate "2023.??.??"]
[WhiteTeam "SV Empor Berlin e.V."]
[BlackTeam "Bräunlin Kolb Schälicke Al"]

1. d4 d5 2. Nf3 Nf6 3. Bf4 e6 4. e3 c5 5. c3 cxd4 6. exd4 Bd6 7. Bg3 O-O 8. Bd3
Nc6 9. Nbd2 Re8 10. Ne5 Bxe5 11. dxe5 Nd7 12. f4 f5 13. Nb3 Rb8 14. Qe2 a6 15.
a4 Kh8 16. h4 Qb6 17. Bf2 Qc7 18. Qh5 Rf8 19. O-O b6 20. Rac1 Bb7 21. Nd2 Nc5
22. Bc2 Ne4 23. Nxe4 fxe4 24. Qg4 Rbe8 25. Rfd1 Na5 26. Bd4 b5 27. g3 Rf7 28.
Qe2 Qc6 29. Ra1 Nc4 30. b3 Nb6 31. axb5 axb5 32. Ra5 Nd7 33. Qxb5 Qc8 34. Ra7
Nf8 35. Rda1 h6 36. Bd1 Rc7 37. Bh5 g6 38. Bg4 Ree7 39. Qb4 Kh7 40. Bb6 Rcd7
41. Bc5 1-0

[Event "Lichtenberger Sommer 2023"]
[Site "Berlin"]
[Date "2023.08.13"]
[Round "2.37"]
[White "Hoffmann, Kay"]
[Black "Kohlmeyer, Dagobert"]
[Result "1-0"]
[WhiteElo "2036"]
[BlackElo "1840"]
[PlyCount "119"]
[EventDate "2023.??.??"]
[WhiteTeam "Barnimer SF im SV Sta"]
[BlackTeam "SG Weißensee 49 e.V."]

1. d4 Nf6 2. c4 g6 3. Nc3 d5 4. cxd5 Nxd5 5. e4 Nxc3 6. bxc3 Bg7 7. Nf3 O-O 8.
Be2 c5 9. O-O Nc6 10. Be3 cxd4 11. cxd4 Bg4 12. e5 a6 13. h3 Bf5 14. Rc1 Rc8
15. Qb3 b5 16. a4 Be6 17. Qb2 bxa4 18. Bxa6 Rc7 19. Bb5 Qa8 20. Rc5 a3 21. Qc3
Rfc8 22. Rc1 a2 23. Qa1 Qb7 24. Ng5 Nb4 25. Nxe6 fxe6 26. Rxc7 Rxc7 27. Bc4 Kf7
28. Bd2 Qc8 29. Bxe6+ Kxe6 30. Rxc7 Qxc7 31. Bxb4 Qc4 32. Bc3 Kd5 33. Qb2 Ke6
34. Kh2 Bh6 35. g3 Kf7 36. f4 Bf8 37. g4 Kg7 38. f5 Qd3 39. e6 Kg8 40. f6 exf6
41. Qxa2 Bd6+ 42. Kg2 Qe4+ 43. Kf2 Qf4+ 44. Ke1 Qe3+ 45. Kd1 Kg7 46. Qa7+ Kh8
47. Qa8+ Kg7 48. Qb7+ Kg8 49. Qf7+ Kh8 50. Qxf6+ Kg8 51. Qf7+ Kh8 52. Qe8+ Kg7
53. Qd7+ Kh8 54. Qc8+ Kg7 55. d5+ Be5 56. Qc7+ Kh6 57. Bd2 Bxc7 58. Bxe3+ Kg7
59. Bc5 Kf6 60. g5+ 1-0

[Event "Lichtenberger Sommer 2023"]
[Site "Berlin"]
[Date "2023.08.13"]
[Round "2.38"]
[White "Kellner, Rene"]
[Black "Kohler, Thomas"]
[Result "0-1"]
[WhiteElo "1480"]
[BlackElo "2172"]
[PlyCount "78"]
[EventDate "2023.??.??"]
[WhiteTeam "Potsdamer SV Mitte e.V."]
[BlackTeam "SC Zitadelle Spandau 1977 e.V."]

1. c4 Nf6 2. g3 g6 3. Bg2 Bg7 4. Nc3 O-O 5. e4 c5 6. Nge2 Nc6 7. O-O a6 8. d3
Rb8 9. f4 d6 10. h3 Ne8 11. g4 b5 12. cxb5 axb5 13. Rb1 Nc7 14. Ng3 b4 15. Nce2
Nb5 16. f5 Nbd4 17. Nxd4 Nxd4 18. Ne2 Qa5 19. Bg5 Re8 20. f6 Nxe2+ 21. Qxe2
exf6 22. Bxf6 Qxa2 23. Qf2 Qe6 24. Bxg7 Kxg7 25. Ra1 Qe7 26. Qf4 h6 27. Qd2 Qe5
28. Ra7 Be6 29. Rfa1 Rbd8 30. Qf2 Rd7 31. R7a5 Rc8 32. d4 Qxd4 33. Qxd4+ cxd4
34. Rb5 b3 35. Rd1 Rc2 36. Rxd4 Rxb2 37. e5 dxe5 38. Rxd7 Bxd7 39. Rxe5 Rd2 0-1

[Event "Lichtenberger Sommer 2023"]
[Site "Berlin"]
[Date "2023.08.13"]
[Round "2.39"]
[White "Rouditser, Benjamin"]
[Black "Niehaus, Frank"]
[Result "0-1"]
[WhiteElo "1756"]
[BlackElo "2145"]
[PlyCount "32"]
[EventDate "2023.??.??"]
[WhiteTeam "SG Lasker Stegli"]
[BlackTeam "SK König Tegel 1949 e.V."]

1. d4 Nf6 2. c4 c5 3. d5 b5 4. cxb5 a6 5. f3 axb5 6. e4 Qa5+ 7. Bd2 Qb6 8. Na3
c4 9. Nc2 e6 10. b3 Bc5 11. Nh3 exd5 12. exd5 O-O 13. bxc4 Re8+ 14. Be2 bxc4
15. Kf1 Nxd5 16. Bxc4 Ba6 0-1

[Event "Lichtenberger Sommer 2023"]
[Site "Berlin"]
[Date "2023.08.13"]
[Round "2.40"]
[White "Syre, Christian"]
[Black "Janoschka, Julien"]
[Result "1-0"]
[WhiteElo "2119"]
[BlackElo "1480"]
[PlyCount "61"]
[EventDate "2023.??.??"]
[WhiteTeam "SC Kreuzberg e.V."]
[BlackTeam "SF Nordost Berlin"]

1. d4 Nf6 2. Nf3 g6 3. c4 Bg7 4. Nc3 d6 5. e4 O-O 6. h3 e5 7. d5 a5 8. Be3 Na6
9. Be2 Bd7 10. Nd2 Re8 11. O-O Qc8 12. b3 h6 13. a3 Nxe4 14. Ndxe4 f5 15. f3
fxe4 16. Nxe4 Bf5 17. Bd3 b6 18. Qd2 Bxe4 19. Bxe4 g5 20. b4 Nb8 21. h4 axb4
22. axb4 Rxa1 23. Rxa1 g4 24. Bxh6 gxf3 25. Qg5 Qd7 26. Qg6 Kf8 27. Rf1 Bxh6
28. Qxh6+ Qg7 29. Rxf3+ Kg8 30. Qh5 Re7 31. Rf5 1-0

[Event "Lichtenberger Sommer 2023"]
[Site "Berlin"]
[Date "2023.08.13"]
[Round "2.41"]
[White "Skowronski, Peter"]
[Black "Stark, Ingo"]
[Result "1-0"]
[WhiteElo "1728"]
[BlackElo "2106"]
[PlyCount "73"]
[EventDate "2023.??.??"]
[WhiteTeam "vereinslos"]
[BlackTeam "TSG Oberschöneweide e.V."]

1. d4 b5 2. e3 Bb7 3. Nf3 a6 4. b3 e6 5. Bb2 Nf6 6. Bd3 d6 7. Nbd2 Nbd7 8. O-O
c5 9. a3 Qc7 10. c4 b4 11. axb4 cxb4 12. Qe2 Be7 13. e4 e5 14. c5 dxc5 15. dxe5
Nh5 16. g3 Qb6 17. Nh4 Nf4 18. gxf4 Bxh4 19. Nc4 Qg6+ 20. Kh1 Be7 21. Rg1 Qh6
22. f5 O-O-O 23. Bc1 Qh3 24. Na5 Ba8 25. Bxa6+ Kc7 26. f3 Nxe5 27. Rxg7 Qxf3+
28. Qxf3 Nxf3 29. Rxf7 Rd1+ 30. Kg2 Ne1+ 31. Kg3 Rg8+ 32. Kh3 Nd3 33. f6 Bxe4
34. fxe7 Re8 35. Bb5 Rxe7 36. Rxe7+ Kd8 37. Rd7+ 1-0

[Event "Lichtenberger Sommer 2023"]
[Site "Berlin"]
[Date "2023.08.13"]
[Round "2.42"]
[White "Engelhardt, Erhard"]
[Black "Wirth, Heinz"]
[Result "0-1"]
[WhiteElo "1709"]
[BlackElo "2060"]
[PlyCount "70"]
[EventDate "2023.??.??"]
[WhiteTeam "SSV Rotation Berlin e.V."]
[BlackTeam "SC Weisse Dame e.V."]

1. f4 Nf6 2. Nf3 g6 3. b3 Bg7 4. Bb2 O-O 5. e3 d6 6. Be2 c5 7. O-O Nc6 8. c4
Re8 9. Qc1 e5 10. fxe5 dxe5 11. Nc3 e4 12. Ne1 Bf5 13. Nd1 Qd6 14. Nf2 Rad8 15.
Bc3 Ne5 16. Qc2 h5 17. Rd1 Neg4 18. Nxg4 Nxg4 19. Bxg4 Bxg4 20. Rb1 Bxc3 21.
Qxc3 Qxd2 22. Qxd2 Rxd2 23. h3 Be6 24. Rf2 Red8 25. Rb2 Rd1 26. Kf1 f5 27. Rfc2
Kf7 28. Ke2 Kf6 29. Rd2 R1xd2+ 30. Rxd2 Rxd2+ 31. Kxd2 h4 32. Ke2 Ke5 33. Kf2
g5 34. g3 hxg3+ 35. Kxg3 f4+ 0-1

[Event "Lichtenberger Sommer 2023"]
[Site "Berlin"]
[Date "2023.08.13"]
[Round "2.43"]
[White "Lorenz, Veronika"]
[Black "Steiger, Michael"]
[Result "1/2-1/2"]
[WhiteElo "1668"]
[BlackElo "1966"]
[PlyCount "34"]
[EventDate "2023.??.??"]
[WhiteTeam "TSG Oberschöneweide e.V."]
[BlackTeam "SC Kreuzberg e.V."]

1. e4 c5 2. Nf3 e6 3. d4 cxd4 4. Nxd4 a6 5. Bd3 Qc7 6. O-O Nf6 7. Be3 g6 8. f4
d6 9. f5 gxf5 10. exf5 e5 11. Bg5 Bg7 12. Qe1 Qb6 13. Be3 Ng4 14. c3 Nxe3 15.
Qxe3 Bf6 16. Nc2 Nd7 17. Nd2 d5 1/2-1/2

[Event "Lichtenberger Sommer 2023"]
[Site "Berlin"]
[Date "2023.08.13"]
[Round "2.44"]
[White "Christen, Jan"]
[Black "Dreke, Frank"]
[Result "1-0"]
[WhiteElo "1604"]
[BlackElo "1946"]
[PlyCount "71"]
[EventDate "2023.??.??"]
[WhiteTeam "Barnimer SF im SV Sta"]
[BlackTeam "SV Mattnetz Berlin e.V."]

1. d4 Nf6 2. c4 e6 3. Nf3 Bb4+ 4. Bd2 Qe7 5. g3 Nc6 6. Bg2 O-O 7. O-O Bxd2 8.
Nbxd2 d6 9. Rc1 e5 10. d5 Nb8 11. e4 Bg4 12. Qc2 Bxf3 13. Nxf3 a5 14. c5 Na6
15. cxd6 cxd6 16. Qe2 Qd7 17. Nd2 Nc5 18. Nc4 Qe7 19. Rc2 Rfe8 20. Rfc1 Qd8 21.
Nxd6 Qxd6 22. Rxc5 Nd7 23. Rc7 b6 24. R1c6 Qe7 25. Bh3 Rad8 26. Qg4 h5 27. Qxh5
Nf6 28. Rxe7 Nxh5 29. Rxe8+ Rxe8 30. Rxb6 Nf6 31. f3 Ra8 32. Rc6 Ra7 33. Rc8+
Kh7 34. Bf5+ g6 35. Bh3 Ra6 36. Rc6 1-0

[Event "Lichtenberger Sommer 2023"]
[Site "Berlin"]
[Date "2023.08.13"]
[Round "2.45"]
[White "Eis, Cedric"]
[Black "Paashaus, Detlef"]
[Result "1-0"]
[WhiteElo "1557"]
[BlackElo "1931"]
[PlyCount "95"]
[EventDate "2023.??.??"]
[WhiteTeam "SF Berlin 1903 e.V."]
[BlackTeam "HSK Lister Turm"]

1. e4 g6 2. d4 Bg7 3. Nf3 d6 4. Be3 e6 5. Nc3 Ne7 6. Qd2 h6 7. Bc4 a6 8. a4 b6
9. O-O Bb7 10. d5 e5 11. Ne1 g5 12. Nd3 f5 13. f3 f4 14. Bf2 Nd7 15. Qe2 Kf7
16. Nb4 Qc8 17. Nc6 Nf6 18. Nxe7 Kxe7 19. Ra3 h5 20. Nd1 Qd7 21. b4 Nh7 22. a5
b5 23. Bd3 g4 24. Bh4+ Bf6 25. Bxf6+ Nxf6 26. Kf2 g3+ 27. hxg3 fxg3+ 28. Kxg3
h4+ 29. Kf2 Nh5 30. Qd2 Nf4 31. Ne3 Rag8 32. Raa1 Qe8 33. Rh1 Qg6 34. Rag1 Bc8
35. Ke1 Qg5 36. Bf1 Kd8 37. Kd1 Qg3 38. Qe1 Qg5 39. Qf2 Qg3 40. Qxg3 Rxg3 41.
Ke1 h3 42. Kf2 Rgg8 43. gxh3 Rxg1 44. Rxg1 Nxh3+ 45. Bxh3 Rxh3 46. Rg8+ Kd7 47.
Ng4 Bb7 48. Kg2 1-0

[Event "Lichtenberger Sommer 2023"]
[Site "Berlin"]
[Date "2023.08.13"]
[Round "2.46"]
[White "Hildebrand, Jörg"]
[Black "Bauder, Herbert"]
[Result "0-1"]
[WhiteElo "1552"]
[BlackElo "1926"]
[PlyCount "78"]
[EventDate "2023.??.??"]
[WhiteTeam "SF Berlin 1903 e.V."]
[BlackTeam "SG Lasker Steglitz"]

1. d4 Nf6 2. Nf3 g6 3. Bf4 d6 4. h3 Bg7 5. e3 O-O 6. Be2 Nbd7 7. O-O c6 8. c3
Qc7 9. a4 e5 10. Bh2 a5 11. Qc2 Re8 12. Na3 Nb6 13. Nc4 Nxc4 14. Bxc4 Bf5 15.
Qd1 e4 16. Nd2 Qd7 17. Re1 b5 18. Bf1 Bf8 19. Rc1 d5 20. g4 Be6 21. Bg2 Bd6 22.
Be5 Qe7 23. f4 Bxe5 24. fxe5 Nd7 25. axb5 cxb5 26. Nxe4 dxe4 27. d5 Nc5 28.
dxe6 Qxe6 29. Bf1 Qxe5 30. Kg2 Red8 31. Qc2 Nd3 32. Red1 Nxc1 33. Rxd8+ Rxd8
34. Qxc1 Qd5 35. Qb1 Qd2+ 36. Kh1 Qd1 37. Qxe4 Qxf1+ 38. Kh2 Rd2+ 39. Kg3 Qf2#
0-1

[Event "Lichtenberger Sommer 2023"]
[Site "Berlin"]
[Date "2023.08.13"]
[Round "2.47"]
[White "Berndt, Ronson"]
[Black "Zesewitz, Martin"]
[Result "1/2-1/2"]
[WhiteElo "1544"]
[BlackElo "1916"]
[PlyCount "47"]
[EventDate "2023.??.??"]
[WhiteTeam "SC Borussia Lichtenberg"]
[BlackTeam "SV SF Friedrichshagen"]

1. d4 f5 2. Nf3 Nf6 3. e3 e6 4. a3 b6 5. Be2 Bb7 6. c4 Be7 7. Nc3 O-O 8. O-O
Qe8 9. h3 d6 10. Nb5 Bd8 11. b3 Nbd7 12. Bb2 a6 13. Nc3 Ne4 14. Nxe4 Bxe4 15.
Nd2 Bb7 16. Bf3 Bxf3 17. Qxf3 Rb8 18. Rae1 e5 19. Qd5+ Kh8 20. dxe5 Nxe5 21. e4
f4 22. Nf3 Bf6 23. Nxe5 Bxe5 24. Bxe5 1/2-1/2

[Event "Lichtenberger Sommer 2023"]
[Site "Berlin"]
[Date "2023.08.13"]
[Round "2.48"]
[White "Knol, Daniel"]
[Black "Tedesco, Gennaro"]
[Result "1-0"]
[WhiteElo "1910"]
[BlackElo "1712"]
[PlyCount "67"]
[EventDate "2023.??.??"]
[WhiteTeam "Schaakvereniging Almere"]
[BlackTeam "SC Kreuzberg e.V."]

1. e4 c5 2. c3 Nf6 3. e5 Nd5 4. Nf3 Nc6 5. Bc4 Nb6 6. Bb3 c4 7. Bc2 d5 8. exd6
Qxd6 9. O-O Bg4 10. Re1 e6 11. b3 Be7 12. Na3 cxb3 13. axb3 O-O 14. d4 h6 15.
h3 Bxf3 16. Qxf3 Nd5 17. Nc4 Qd8 18. Qd3 Nf6 19. Ne3 g6 20. Ng4 Nxg4 21. hxg4
Qd7 22. Bxh6 Rfd8 23. b4 Bf6 24. Bb3 Bg7 25. Qh3 a6 26. g5 Qd6 27. Bxg7 Kxg7
28. Qh6+ Kg8 29. Bxe6 Ne7 30. Bb3 Nf5 31. Qh2 Qc6 32. g4 Ng7 33. Re7 Rd7 34.
Bxf7+ 1-0

[Event "Lichtenberger Sommer 2023"]
[Site "Berlin"]
[Date "2023.08.13"]
[Round "2.49"]
[White "Ettel, Ralf"]
[Black "Schmidt, Jürgen"]
[Result "1-0"]
[WhiteElo "1511"]
[BlackElo "1891"]
[PlyCount "58"]
[EventDate "2023.??.??"]
[WhiteTeam "SK König Tegel 1949 e.V."]
[BlackTeam "SC Kreuzberg e.V."]

1. d4 d5 2. Nf3 Nf6 3. Nc3 e6 4. Bg5 Be7 5. e3 O-O 6. Bd3 Nbd7 7. O-O a6 8. e4
dxe4 9. Nxe4 Nxe4 10. Bxe7 Qxe7 11. Bxe4 Nf6 12. Bd3 b6 13. Re1 Bb7 14. Ne5 g6
15. c3 c5 16. dxc5 Qxc5 17. Qe2 b5 18. Rad1 Rad8 19. c4 b4 20. Bc2 Kg7 21. g4
Rxd1 22. Qxd1 h6 23. Qd3 Nxg4 24. Nxg4 Qg5 25. Qg3 Qd2 26. Qe5+ f6 27. Qe3 Qxc2
28. Qxh6+ Kg8 29. Qe3 Qf5 1-0